Report Of the select Committee, to which was referred the Message of the President of the United States, in relation to the claim of the heirs of the late Pierre Augustin Caron de Beaumarchais, accompanied with a bill relative to the heirs of the said Beaumarchais.

Bibliographic Details
Corporate Authors: United States. Congress. House, ProQuest (Firm)
Format: eBook
Language:English
Published: Washington : [publisher not identified], 1823.
Series:United States congressional serial set.
Subjects:
Online Access:Connect to the full text of this electronic book

MARC

Tag First Indicator Second Indicator Subfields
LEADER 00000cam a22000001a 4500
001 in00002810313
005 20190331183646.0
006 m o d
007 cr un mmmapmmp
008 081222s1823 dcud o f000 0 eng d
035 |a cis2004303732 
040 |a UMI  |c UMI  |d UtOrBLW 
043 |a n-us--- 
099 |a ProQuest Serial Set Number 87 H.rp.75 
110 1 |a United States.  |b Congress.  |b House. 
245 1 0 |a Report Of the select Committee, to which was referred the Message of the President of the United States, in relation to the claim of the heirs of the late Pierre Augustin Caron de Beaumarchais, accompanied with a bill relative to the heirs of the said Beaumarchais. 
246 1 |a Beaumarchais case, at large 
264 1 |a Washington :  |b [publisher not identified],  |c 1823. 
300 |a 1 online resource. 
336 |a text  |b txt  |2 rdacontent 
337 |a computer  |b c  |2 rdamedia 
338 |a online resource  |b cr  |2 rdacarrier 
490 0 |a H.rp.75 
500 |a Record is based on bibliographic data in ProQuest U.S. Serial Set Digital Collection (last viewed Dec. 2008). Reuse except for individual research requires license from ProQuest, LLC. 
510 3 |a ProQuest U.S. Serial Set Digital Collection 
500 |a Electronic resource. 
610 1 0 |a United States.  |b Congress  |v Private bills. 
650 0 |a Bills, Private  |z United States. 
651 0 |a United States  |x Claims. 
655 7 |a Electronic books.  |2 local 
710 2 |a ProQuest (Firm) 
830 0 |a United States congressional serial set. 
856 4 0 |u http://proxy.library.tamu.edu/login?url=http://congressional.proquest.com/congcomp/getdoc?SERIAL-SET-ID=87+H.rp.75  |z Connect to the full text of this electronic book  |t 0 
999 |a MARS 
999 f f |s 51b0450e-4910-37f7-9ea5-5a15686153a4  |i 27f72eaf-cfb4-32fb-938b-62778c29fb2e  |t 0 
952 f f |a Texas A&M University  |b College Station  |c Electronic Resources  |d Available Online  |t 0  |e ProQuest Serial Set Number 87 H.rp.75  |h Other scheme 
998 f f |a ProQuest Serial Set Number 87 H.rp.75  |t 0  |l Available Online